000 00876cam a2200265 4500
008 090401t1994 xxu||||| |||| 00| 0 eng d
020 _a0875844162
035 _a(Sirsi) u47300
041 _aeng
050 _a658.401
100 _aHamel, Gary
245 _aCompeting for the future.
260 _aBoston, Mass.
_bHavard Business School Press
_c1994
300 _axv,327p. ; 24cm.
350 _a21.95
520 _aA handbook of business strategy for companies, which advocates an approach to strategy, competition and organization that will ensure they maintain or regain market leadership.
650 _aBUSINESS STRATEGY
650 _aCOMPETING FOR THE FUTURE
650 _aCORPORATE PLANNING
650 _aMANAGEMENT
690 _aMANAGEMENT-BUSINESS MANAGEMENT-PROFESSIONAL PRACTICE
700 _aPrahalad, C.K.
942 _n0
948 _c04/03/1997
999 _c92097
_d92097